The red badge of courage : (Record no. 34016)
[ view plain ]
| 000 -LEADER | |
|---|---|
| fixed length control field | 00892cam a22002891 4500 |
| 001 - CONTROL NUMBER | |
| control field | 6486534 |
| 003 - CONTROL NUMBER IDENTIFIER | |
| control field | OSt |
| 005 - DATE AND TIME OF LATEST TRANSACTION | |
| control field | 20140310184356.0 |
| 008 - FIXED-LENGTH DATA ELEMENTS--GENERAL INFORMATION | |
| fixed length control field | 750625s1895 nyu 000 1 eng |
| 010 ## - LIBRARY OF CONGRESS CONTROL NUMBER | |
| LC control number | 49036615 |
| 020 ## - INTERNATIONAL STANDARD BOOK NUMBER | |
| International Standard Book Number | 0590021176 |
| 035 ## - SYSTEM CONTROL NUMBER | |
| System control number | (OCoLC)1411702 |
| 040 ## - CATALOGING SOURCE | |
| Original cataloging agency | DLC |
| Transcribing agency | PGC |
| Modifying agency | OCoLC |
| -- | OKentU |
| -- | DLC |
| 042 ## - AUTHENTICATION CODE | |
| Authentication code | premarc |
| 050 00 - LIBRARY OF CONGRESS CALL NUMBER | |
| Classification number | PS 1449.R3 |
| Item number | .C85 |
| 100 1# - MAIN ENTRY--PERSONAL NAME | |
| Personal name | Crane, Stephen, |
| Dates associated with a name | 1871-1900. |
| 9 (RLIN) | 25610 |
| 245 14 - TITLE STATEMENT | |
| Title | The red badge of courage : |
| Remainder of title | an episode of the American civil war / |
| Statement of responsibility, etc | Stephen Crane. |
| 260 ## - PUBLICATION, DISTRIBUTION, ETC. (IMPRINT) | |
| Place of publication, distribution, etc | New York, |
| Name of publisher, distributor, etc | Scholastic Inc. |
| 300 ## - PHYSICAL DESCRIPTION | |
| Extent | 180 p. : |
| Dimensions | 19 cm. |
| 521 ## - TARGET AUDIENCE NOTE | |
| Target audience note | |
| 526 ## - STUDY PROGRAM INFORMATION NOTE | |
| Reading level | 900 |
| 562 ## - COPY AND VERSION IDENTIFICATION NOTE | |
| Number of copies | For circulation. One copy is available in the collection |
| 651 #0 - SUBJECT ADDED ENTRY--GEOGRAPHIC NAME | |
| Geographic name | United States |
| General subdivision | History |
| Chronological subdivision | Civil War, 1861-1865 |
| Form subdivision | Fiction. |
| 9 (RLIN) | 25611 |
| 906 ## - LOCAL DATA ELEMENT F, LDF (RLIN) | |
| a | 7 |
| b | cbc |
| c | oclcrpl |
| d | u |
| e | ncip |
| f | 19 |
| g | y-gencatlg |
| 942 ## - ADDED ENTRY ELEMENTS (KOHA) | |
| Source of classification or shelving scheme | Library of Congress Classification |
| Koha item type | |
| Withdrawn status | Lost status | Source of classification or shelving scheme | Damaged status | Home library | Current library | Shelving location | Date acquired | Source of acquisition | Total Checkouts | Full call number | Barcode | Date last seen | Copy number | Price effective from | Koha item type |
|---|---|---|---|---|---|---|---|---|---|---|---|---|---|---|---|
| Library of Congress Classification | Luxembourg Library | Luxembourg Library | Scholastic Reading Center Section | 10/07/2013 | Donation | PS 1449.R3 .C85 [ca.1990] | LEX0375 | 04/18/2017 | 1 | 10/07/2013 | Books | ||||
| Library of Congress Classification | Luxembourg Library | Luxembourg Library | Scholastic Reading Center Section | 11/11/2013 | PS 1449.R3 .C85 [ca.1990] | LEX1090 | 04/18/2017 | 2 | 11/11/2013 | Books |